003690000a22001330004500060000800000082001500008100002000023245001900043260008100062260000900143300000700152490002400159650005200183 a100 a954.84 JAG aJagadesan, T.D. aAndhra Pradesh aGovt.of India, Publication division,Ministry of information and broadcasting c1969 a81 aStates of our Union aIndia - states - Andhra pradesh/ andhra pradesh